Public sector relocation proposals (Record no. 116979)
[ view plain ]
| 000 -LEADER | |
|---|---|
| fixed length control field | 01254cam a2200229 4500 |
| 001 - CONTROL NUMBER | |
| control field | WB4004-12 |
| 008 - FIXED-LENGTH DATA ELEMENTS--GENERAL INFORMATION | |
| fixed length control field | 040129n2004 000 0 eng u |
| 035 ## - SYSTEM CONTROL NUMBER | |
| System control number | (Sirsi) u124965 |
| 245 ## - TITLE STATEMENT | |
| Title | Public sector relocation proposals |
| 260 ## - PUBLICATION, DISTRIBUTION, ETC. | |
| Date of publication, distribution, etc. | 2004 |
| 490 ## - SERIES STATEMENT | |
| Series statement | King Sturge Press Release |
| Volume/sequential designation | 26 January 2004 (2) |
| 520 ## - SUMMARY, ETC. | |
| Summary, etc. | Commissioned as part of the Lyons Review to provide an objective comparative analysis of alternative locations for the transfer of 20 000 civil service jobs into UK regions, King Sturge has published its findings in the report: "Independent review of public sector relocation-comparative assessment of locations". The report names 25 locations chosen according to a number of variables and a set of six agreed scenarios. Though not the definitive list of locations, the report will nevertheless be used as a guide for departments considering relocation opportunities. Register free for the full report at http://www.kingsturge.com/site/docs/pressoffice/ne wsindex.cfm?UID=2411517690125920040129040421 |
| 590 ## - LOCAL NOTE (RLIN) | |
| Local note | WB |
| 590 ## - LOCAL NOTE (RLIN) | |
| Local note | WB |
| 650 ## - SUBJECT ADDED ENTRY--TOPICAL TERM | |
| Topical term or geographic name entry element | RELOCATION |
| 650 ## - SUBJECT ADDED ENTRY--TOPICAL TERM | |
| Topical term or geographic name entry element | GOVERNMENT DEPARTMENT |
| 650 ## - SUBJECT ADDED ENTRY--TOPICAL TERM | |
| Topical term or geographic name entry element | OFFICE RELOCATION |
| 650 ## - SUBJECT ADDED ENTRY--TOPICAL TERM | |
| Topical term or geographic name entry element | REPORT |
| 650 ## - SUBJECT ADDED ENTRY--TOPICAL TERM | |
| Topical term or geographic name entry element | PUBLIC SECTOR |
| 690 ## - LOCAL SUBJECT ADDED ENTRY--TOPICAL TERM (OCLC, RLIN) | |
| Topical term or geographic name as entry element | REGENERATION |
| 942 ## - ADDED ENTRY ELEMENTS (KOHA) | |
| Suppress in OPAC | 0 |
| Withdrawn status | Lost status | Source of classification or shelving scheme | Damaged status | Not for loan | Home library | Current library | Shelving location | Date acquired | Total Checkouts | Full call number | Barcode | Date last seen | Copy number | Price effective from | Koha item type |
|---|---|---|---|---|---|---|---|---|---|---|---|---|---|---|---|
| Dewey Decimal Classification | London | London | News article | 29/01/2004 | WB4004-12 | 124965-1001 | 06/08/2019 | 1 | 06/08/2019 | News article |